| 000 | 00531nam a2200193Ia 4500 | ||
|---|---|---|---|
| 005 | 20250508152148.0 | ||
| 008 | 008 250505s9999 xx 000 0 eng d | ||
| 037 | _aTextual | ||
| 040 |
_aFEDL _beng _cFEDL |
||
| 041 |
_aeng _2eng |
||
| 084 |
_a158, MOR _qFEDL |
||
| 100 |
_aMorgan John J.B. _9757276 |
||
| 245 | 0 | _aHow to keep : A sound mind | |
| 260 |
_aNew York, USA _bThe Macmillan Company _c1946 |
||
| 300 | _a404p. | ||
| 650 | _aApplied Psychology | ||
| 942 |
_cTEXL _h158, MOR |
||
| 999 |
_c1334671 _d1334671 |
||